José María Aguirre (Record no. 180963)

MARC details
000 -LEADER
campo de control de longitud fija 00704nam a2200181 i 4500
001 - NÚMERO DE CONTROL
campo de control 180963
003 - IDENTIFICADOR DE NÚMERO DE CONTROL
campo de control ES-MaACL
005 - FECHA Y HORA DE LA ÚLTIMA TRANSACCIÓN
campo de control 20230906221230.0
008 - DATOS DE LONGITUD FIJA--INFORMACIÓN GENERAL
campo de control de longitud fija 120913s1988 sp |||| | spa d
080 ## - NÚMERO DE LA CLASIFICACIÓN DECIMAL UNIVERSAL
Número de la Clasificación Decimal Universal 929 Aguirre Gonzalo, José María
100 0# - ENTRADA PRINCIPAL--NOMBRE DE PERSONA
Nombre de persona García-Diego, José A.
9 (RLIN) 54541
245 10 - MENCIÓN DEL TÍTULO
Título José María Aguirre
Resto del título : 1897-1988 /
Mención de responsabilidad, etc. por José A. García-Diego.
260 ## - PUBLICACIÓN, DISTRIBUCIÓN, ETC.
Lugar de publicación, distribución, etc. San Sebastián :
Nombre del editor, distribuidor, etc. Real Sociedad Bascongada de los Amigos del País,
Fecha de publicación, distribución, etc. 1988.
300 ## - DESCRIPCIÓN FÍSICA
Extensión 8 p. :
Otras características físicas 1 retr. ;
Dimensiones 21 cm.
595 ## -
-- Separata del Boletín de la Real Sociedad Bascongada de los Amigos del País, año XLIV, cuadernos 3-4.
600 04 - PUNTO DE ACCESO ADICIONAL DE MATERIA--NOMBRE DE PERSONA
Nombre de persona Aguirre Gonzalo, José María.
9 (RLIN) 18879
852 ## - LOCALIZACIÓN
Ubicación ES-MaACL
Número de control de estantería 2316-F-7
Holdings
Estatus retirado Estado de pérdida Estado de daño No para préstamo Colección Biblioteca de origen Biblioteca actual Ubicación en estantería Fecha de adquisición Fuente de adquisición Total de préstamos Signatura topográfica completa Código de barras Visto por última vez Precio de reemplazo Tipo de ítem Koha
        Colección de folletos Biblioteca del Ateneo de Madrid Biblioteca del Ateneo de Madrid Depósito folletos 13/09/2012     2316-F-7 1190161 23/02/2023 23/02/2023 Folleto